[Event "XIV Festival A"]
[Site "Trieste ITA"]
[Date "2012.09.02"]
[Round "2"]
[White "Demuth, Adrien"]
[Black "Drazic, Sinisa"]
[WhiteElo "2476"]
[BlackElo "2511"]
[Result "1/2-1/2"]
[PlyCount "109"]
[EventDate "2012.09.01"]

1. d4 Nf6 2. c4 d6 3. Nf3 Nbd7 4. Nc3 e5 5. g3 g6 6. Bg2 Bg7 7. O-O O-O 8. e4
a6 9. Re1 exd4 10. Nxd4 Re8 11. h3 Ne5 12. b3 c5 13. Nc2 Rb8 14. Bb2 Qc7 15. f4
Nc6 16. Qf3 Nb4 17. Nxb4 cxb4 18. Nd1 b5 19. cxb5 Rxb5 20. Rc1 Rc5 21. Rxc5
Qxc5+ 22. Qf2 Nd7 23. Bxg7 Kxg7 24. Ne3 Bb7 25. Nc4 Re6 26. Qxc5 Nxc5 27. e5
Bxg2 28. Kxg2 dxe5 29. Rxe5 Nd3 30. Rxe6 fxe6 31. a3 bxa3 32. Nxa3 Kf6 33. Kf3
e5 34. Ke3 Nc5 35. fxe5+ Kxe5 36. b4 Nb7 37. Nc4+ Kd5 38. Kd3 Nd8 39. Ne3+ Kc6
40. Kc4 Nf7 41. Kd4 Kb5 42. Nd5 Ng5 43. h4 Nf7 44. Nc7+ Kb6 45. Nd5+ Kc6 46.
Nc3 Nd6 47. Ke5 Nf5 48. h5 Nxg3 49. hxg6 hxg6 50. b5+ axb5 51. Nxb5 Nh5 52.
Nd4+ Kd7 53. Nf3 Ke7 54. Nh4 g5 55. Ng6+ 1/2-1/2

[Event "XIV Festival A"]
[Site "Trieste ITA"]
[Date "2012.09.02"]
[Round "2"]
[White "Erdos, Viktor"]
[Black "Rombaldoni, Axel"]
[WhiteElo "2643"]
[BlackElo "2458"]
[Result "0-1"]
[PlyCount "82"]
[EventDate "2012.09.01"]

1. d4 Nf6 2. c4 g6 3. Nf3 Bg7 4. g3 d5 5. cxd5 Nxd5 6. Bg2 Nb6 7. Nc3 Nc6 8. e3
O-O 9. O-O a5 10. d5 Nb4 11. e4 f5 12. Ng5 h6 13. Ne6 Bxe6 14. dxe6 Qxd1 15.
Rxd1 c6 16. exf5 gxf5 17. Bh3 Nc2 18. Rb1 Nd4 19. Be3 Rad8 20. b3 Nd5 21. Nxd5
Rxd5 22. Bf1 Rfd8 23. Rdc1 Nf3+ 24. Kg2 Nd2 25. Bc4 R5d6 26. Bxd2 Rxd2 27. a4
Bd4 28. Rd1 Bxf2 29. Rxd2 Rxd2 30. Rf1 Be3+ 31. Kh3 f4 32. gxf4 Kg7 33. Rf3 Bc5
34. Rg3+ Kf6 35. Rg8 Kf5 36. Rh8 Bg1 37. Rf8+ Ke4 38. Kg4 Rxh2 39. Rf7 Bf2 40.
Bd3+ Kxd3 41. Rxe7 Ke4 0-1

[Event "XIV Festival A"]
[Site "Trieste ITA"]
[Date "2012.09.02"]
[Round "2"]
[White "Jovanic, Ognjen"]
[Black "Ashiku, Franc"]
[WhiteElo "2511"]
[BlackElo "2159"]
[Result "1-0"]
[PlyCount "63"]
[EventDate "2012.09.01"]

1. d4 Nf6 2. c4 g6 3. Nc3 d5 4. e3 Bg7 5. Qb3 dxc4 6. Bxc4 O-O 7. Nf3 b6 8. Ne5
e6 9. O-O Nfd7 10. Nf3 Ba6 11. Bxa6 Nxa6 12. e4 e5 13. Bg5 Qc8 14. Nd5 Kh8 15.
dxe5 Nxe5 16. Nxe5 Bxe5 17. Bf6+ Bxf6 18. Nxf6 b5 19. Qxb5 Qe6 20. Qg5 Kg7 21.
e5 h6 22. Qf4 Rab8 23. b3 Rb4 24. Qe3 Qb6 25. Qc3 Qd4 26. Qg3 Rd8 27. Rac1 Nc5
28. h3 Nd3 29. Rcd1 Rb5 30. Ng4 h5 31. Ne3 Rxe5 32. Rxd3 1-0

[Event "XIV Festival A"]
[Site "Trieste ITA"]
[Date "2012.09.02"]
[Round "2"]
[White "Laco, Giuseppe"]
[Black "Pregarac, Valter"]
[WhiteElo "2085"]
[BlackElo "2181"]
[Result "0-1"]
[PlyCount "84"]
[EventDate "2012.09.01"]

1. c4 e6 2. b3 Nf6 3. Bb2 d5 4. e3 c5 5. f4 Nc6 6. Nf3 Be7 7. Nc3 O-O 8. Ne5
Bd7 9. Be2 a6 10. O-O Qc7 11. d3 Rfd8 12. Qb1 Be8 13. Nxc6 Bxc6 14. g4 b5 15.
g5 Nd7 16. Qe1 bxc4 17. bxc4 Rab8 18. Rb1 Rb7 19. Qh4 Rdb8 20. Ba1 Rxb1 21.
Nxb1 dxc4 22. Nc3 Qb7 23. dxc4 Be4 24. Qg3 Rd8 25. h4 Nf8 26. h5 Bd3 27. Bf3
Qb4 28. Re1 Qxc4 29. e4 Bc2 30. Rc1 Rd2 31. Kh1 Qd3 32. Qg4 Rf2 33. Bg2 Qe3 34.
Rf1 Rxf1+ 35. Bxf1 Bxe4+ 36. Nxe4 Qxe4+ 37. Kg1 Bd6 38. h6 Bxf4 39. Qd1 Be3+
40. Kh2 Qh4+ 41. Kg2 Qxg5+ 42. Kh3 Qxh6+ 0-1

[Event "XIV Festival A"]
[Site "Trieste ITA"]
[Date "2012.09.02"]
[Round "2"]
[White "Leroy, Didier"]
[Black "Oparin, Grigoriy"]
[WhiteElo "2285"]
[BlackElo "2490"]
[Result "1/2-1/2"]
[PlyCount "96"]
[EventDate "2012.09.01"]

1. e4 c5 2. c4 Nc6 3. Nc3 g6 4. g3 Bg7 5. Bg2 d6 6. d3 e6 7. Nge2 Nge7 8. Be3
Nd4 9. O-O Nec6 10. Qd2 O-O 11. Bh6 Bxh6 12. Qxh6 Qf6 13. Nxd4 Nxd4 14. Rae1
Rb8 15. f4 Qg7 16. Qxg7+ Kxg7 17. e5 f5 18. exf6+ Kxf6 19. g4 Bd7 20. g5+ Kf7
21. Ne4 Ke7 22. Nf6 Rxf6 23. gxf6+ Kxf6 24. Be4 b5 25. b3 b4 26. Rf2 a5 27. h4
a4 28. bxa4 Bxa4 29. Kh2 Be8 30. Rg1 Bf7 31. Bg2 Rb6 32. Bh3 Ra6 33. Rgf1 Ra3
34. Rd2 Be8 35. Bg4 Ba4 36. Rff2 d5 37. cxd5 exd5 38. h5 Bb5 39. hxg6 hxg6 40.
Bf3 Ke6 41. Be2 Kf6 42. Bf3 Nxf3+ 43. Rxf3 d4 44. Kg1 Bc4 45. Rc2 Rc3 46. Rd2
Ra3 47. Rc2 Rc3 48. Rd2 Ra3 1/2-1/2

[Event "XIV Festival A"]
[Site "Trieste ITA"]
[Date "2012.09.02"]
[Round "2"]
[White "Manca, Federico"]
[Black "Turov, Maxim"]
[WhiteElo "2421"]
[BlackElo "2636"]
[Result "1/2-1/2"]
[PlyCount "50"]
[EventDate "2012.09.01"]

1. e4 c5 2. c3 d5 3. exd5 Qxd5 4. d4 Nc6 5. Nf3 Bf5 6. dxc5 Qxd1+ 7. Kxd1
O-O-O+ 8. Nbd2 e5 9. b4 e4 10. Nd4 Nxd4 11. cxd4 g6 12. Bb2 Bg7 13. Nc4 Be6 14.
Nd6+ Kb8 15. Kc2 Ne7 16. d5 Bxb2 17. Kxb2 Nxd5 18. Bc4 Nxb4 19. Bxe6 fxe6 20.
Nf7 Nd3+ 21. Kc2 Nxc5 22. Nxh8 Rxh8 23. Kd2 Rd8+ 24. Ke2 Rf8 25. Ke3 Kc7
1/2-1/2

[Event "XIV Festival A"]
[Site "Trieste ITA"]
[Date "2012.09.02"]
[Round "2"]
[White "Matijevic, Filip"]
[Black "Iasman, Inna"]
[WhiteElo "2132"]
[BlackElo "2002"]
[Result "1-0"]
[PlyCount "43"]
[EventDate "2012.09.01"]

1. e4 c6 2. d4 d5 3. Nc3 dxe4 4. Nxe4 Nd7 5. Ng5 Ngf6 6. Bd3 e6 7. N1f3 h6 8.
Nxe6 Qe7 9. O-O fxe6 10. Bg6+ Kd8 11. Re1 b5 12. Bf5 exf5 13. Rxe7 Bxe7 14. d5
Nxd5 15. Nd4 Kc7 16. Nxb5+ Kb7 17. c4 N7b6 18. cxd5 cxb5 19. d6 Bf6 20. Qf3+
Ka6 21. a4 bxa4 22. Qc6 1-0

[Event "XIV Festival A"]
[Site "Trieste ITA"]
[Date "2012.09.02"]
[Round "2"]
[White "Militello, Michele"]
[Black "Granaldi, Alessandro"]
[WhiteElo "1798"]
[BlackElo "2105"]
[Result "0-1"]
[PlyCount "98"]
[EventDate "2012.09.01"]

1. d4 Nf6 2. Nf3 c5 3. e3 g6 4. c3 b6 5. Bd3 Bb7 6. Nbd2 cxd4 7. exd4 Bg7 8.
O-O O-O 9. Re1 d6 10. Nf1 Qc7 11. Ng3 Nc6 12. Bf1 e5 13. Bd2 Rfe8 14. Qc2 Nxd4
15. Nxd4 exd4 16. Rac1 dxc3 17. Qxc3 Qc5 18. Qd3 Qd5 19. b3 Ng4 20. Qxd5 Bxd5
21. h3 Ne5 22. Ba6 f5 23. Rc7 f4 24. Nf1 f3 25. g3 Be6 26. Rec1 Bxh3 27. Bb7
Rab8 28. Bd5+ Be6 29. Bxe6+ Rxe6 30. Rxa7 Rf6 31. Rcc7 Rf7 32. Bb4 Rxc7 33.
Rxc7 Nd3 34. Bd2 Ra8 35. a4 Nc5 36. Bf4 Nxb3 37. Bxd6 Rxa4 38. Ne3 Ra1+ 39. Kh2
Rc1 40. Rxc1 Nxc1 41. Kg1 Bf8 42. Be5 Nd3 43. Bd4 Bc5 44. Nc2 Kf7 45. Be3 Ke6
46. Kf1 Kd5 47. Ne1 Nxe1 48. Bxc5 bxc5 49. Kxe1 Kc4 0-1

[Event "XIV Festival A"]
[Site "Trieste ITA"]
[Date "2012.09.02"]
[Round "2"]
[White "Mocchi, Tullio"]
[Black "Bosiocic, Marin"]
[WhiteElo "2259"]
[BlackElo "2577"]
[Result "0-1"]
[PlyCount "104"]
[EventDate "2012.09.01"]

1. d4 Nf6 2. c4 g6 3. Nc3 d5 4. Nf3 Bg7 5. Bg5 Ne4 6. cxd5 Nxg5 7. Nxg5 e6 8.
Nf3 exd5 9. e3 O-O 10. Be2 c6 11. O-O Nd7 12. b4 Nb6 13. Qb3 Be6 14. Nd2 Re8
15. a4 a6 16. a5 Nc8 17. Na4 Nd6 18. Nc5 Qe7 19. Rae1 Rad8 20. Qb1 Bc8 21. Bd3
Qg5 22. Nf3 Qh5 23. Be2 Qh6 24. Qc1 Re7 25. Rd1 Rde8 26. Rfe1 g5 27. h3 f5 28.
Nh2 Qg6 29. Nd3 f4 30. Ne5 Bxe5 31. dxe5 Rxe5 32. Nf3 R5e7 33. Bd3 Qf6 34. exf4
gxf4 35. Rxe7 Rxe7 36. Qc5 Rg7 37. Kh2 Bf5 38. Bxf5 Nxf5 39. Rd2 Qg6 40. Ne1
Nh4 41. Rxd5 cxd5 42. Qxd5+ Kf8 43. Qd8+ Qe8 44. Qxh4 Qxe1 45. Qxf4+ Rf7 46.
Qb8+ Qe8 47. Qd6+ Qe7 48. Qb8+ Kg7 49. Qg3+ Kh8 50. Qc3+ Qf6 51. Qc8+ Kg7 52.
Qg4+ Kh6 0-1

[Event "XIV Festival A"]
[Site "Trieste ITA"]
[Date "2012.09.02"]
[Round "2"]
[White "Movileanu, Daniela"]
[Black "Kragelj, Igor"]
[WhiteElo "1993"]
[BlackElo "2192"]
[Result "1/2-1/2"]
[PlyCount "48"]
[EventDate "2012.09.01"]

1. e4 c5 2. Nf3 e6 3. d3 Nc6 4. g3 g6 5. Bg2 Bg7 6. Bg5 Nge7 7. c3 e5 8. O-O d6
9. a3 h6 10. Be3 O-O 11. b4 b6 12. b5 Nb8 13. d4 a6 14. Qd2 Kh7 15. Rd1 Nd7 16.
dxe5 dxe5 17. c4 axb5 18. cxb5 f5 19. Ra2 Ra5 20. a4 Qc7 21. exf5 gxf5 22. Qc2
Nf6 23. Qc4 Bd7 24. Nc3 Raa8 1/2-1/2

[Event "XIV Festival A"]
[Site "Trieste ITA"]
[Date "2012.09.02"]
[Round "2"]
[White "Plenca, Julijan"]
[Black "Vorobiov, Evgeny E."]
[WhiteElo "2336"]
[BlackElo "2594"]
[Result "0-1"]
[PlyCount "42"]
[EventDate "2012.09.01"]

1. e4 c5 2. Nf3 e6 3. d4 cxd4 4. Nxd4 Nf6 5. Nc3 d6 6. g4 h6 7. Be3 a6 8. Nb3
b5 9. Qe2 Bb7 10. Bg2 Nbd7 11. O-O-O b4 12. Na4 Bc6 13. g5 hxg5 14. Bxg5 Bxa4
15. e5 dxe5 16. Bxa8 Qxa8 17. f4 Bc6 18. Rhe1 Bf3 19. Qc4 Bxd1 20. Rxd1 Rxh2
21. Qc7 Rh1 0-1

[Event "XIV Festival A"]
[Site "Trieste ITA"]
[Date "2012.09.02"]
[Round "2"]
[White "Tesic, Dragan"]
[Black "Baklan, Vladimir"]
[WhiteElo "2348"]
[BlackElo "2610"]
[Result "1/2-1/2"]
[PlyCount "61"]
[EventDate "2012.09.01"]

1. d4 Nf6 2. Nf3 g6 3. c4 Bg7 4. g3 c5 5. Nc3 cxd4 6. Nxd4 O-O 7. Bg2 Qc7 8. b3
d5 9. Ndb5 Qa5 10. Bd2 dxc4 11. bxc4 Nc6 12. O-O Qd8 13. Nd5 a6 14. Nbc3 Nd7
15. Rc1 e6 16. Nf4 Nc5 17. Ne4 Nxe4 18. Bxe4 Bd7 19. Nd3 Qc7 20. Re1 Rab8 21.
c5 Rfd8 22. Bc3 Bxc3 23. Rxc3 Nd4 24. e3 Nb5 25. Rb3 e5 26. a4 Na7 27. Qa1 f6
28. Reb1 Bc6 29. Bxc6 Nxc6 30. Qc3 Rd7 31. Nb4 1/2-1/2

[Event "XIV Festival A"]
[Site "Trieste ITA"]
[Date "2012.09.02"]
[Round "3"]
[White "Ashiku, Franc"]
[Black "Erwich, Frank A.S."]
[WhiteElo "2159"]
[BlackElo "2359"]
[Result "1-0"]
[PlyCount "59"]
[EventDate "2012.09.01"]

1. e4 e5 2. Nf3 Nc6 3. d4 exd4 4. Nxd4 Bb4+ 5. c3 Bc5 6. Be3 Bb6 7. Nf5 Bxe3 8.
Nxe3 Nge7 9. Qd2 O-O 10. c4 f5 11. exf5 Nxf5 12. Nxf5 Rxf5 13. Nc3 d6 14. O-O-O
Be6 15. f4 a6 16. Nd5 b5 17. g3 Rf7 18. Bg2 Qd7 19. Ne3 bxc4 20. f5 Bxf5 21.
Qd5 Re8 22. Nxf5 Nb4 23. Qxc4 Qxf5 24. Qxb4 Re2 25. Rd2 Rxd2 26. Qxd2 Qc5+ 27.
Kb1 Rf2 28. Qd5+ Qxd5 29. Bxd5+ Kf8 30. Bc4 1-0

[Event "XIV Festival A"]
[Site "Trieste ITA"]
[Date "2012.09.02"]
[Round "3"]
[White "Baklan, Vladimir"]
[Black "Demuth, Adrien"]
[WhiteElo "2610"]
[BlackElo "2476"]
[Result "1-0"]
[PlyCount "119"]
[EventDate "2012.09.01"]

1. e4 e5 2. Nf3 Nc6 3. Bb5 a6 4. Ba4 d6 5. O-O Bg4 6. c3 Qf6 7. d3 Bxf3 8. Qxf3
Qxf3 9. gxf3 Nge7 10. f4 exf4 11. Bxf4 O-O-O 12. d4 f5 13. f3 d5 14. Kh1 h6 15.
Nd2 g5 16. Be3 Bg7 17. Rae1 Rhf8 18. Bg1 dxe4 19. fxe4 f4 20. Bd1 b6 21. Nb3
Ng8 22. e5 Nce7 23. Bh5 Nf5 24. a4 a5 25. c4 Nge7 26. d5 Nxd5 27. cxd5 Rxd5 28.
e6 Ne7 29. Re2 Rfd8 30. Rc2 Kb8 31. Rfc1 Be5 32. Be2 f3 33. Bxf3 Rd3 34. Nc5
bxc5 35. Rxc5 Rxf3 36. Rxe5 Rf5 37. Rxf5 Nxf5 38. Rc5 Ng7 39. e7 Re8 40. Rb5+
Kc8 41. Bc5 Nf5 42. Rxa5 Kd7 43. Ra6 Nxe7 44. Rxh6 Nf5 45. Rg6 Re5 46. b4 Nh4
47. Rg7+ Kd8 48. Kg1 Re2 49. h3 Nf3+ 50. Kf1 Rd2 51. Rf7 Ne5 52. Rf5 Ng6 53.
Be3 Rb2 54. Rxg5 Nh4 55. a5 Ra2 56. Rg4 Nf3 57. Rf4 Ne5 58. h4 Kc8 59. h5 Nd3
60. Rf8+ 1-0

[Event "XIV Festival A"]
[Site "Trieste ITA"]
[Date "2012.09.02"]
[Round "3"]
[White "Basso, Pier Luigi"]
[Black "Ceschia, Ivano"]
[WhiteElo "2112"]
[BlackElo "2291"]
[Result "0-1"]
[PlyCount "158"]
[EventDate "2012.09.01"]

1. e4 c5 2. Nf3 Nc6 3. d4 cxd4 4. Nxd4 Qb6 5. Nb3 Nf6 6. Nc3 e6 7. Be3 Qc7 8.
Be2 Bb4 9. Nd2 Bxc3 10. bxc3 d5 11. Bf3 Ne5 12. Bd4 O-O 13. exd5 Nxf3+ 14. Qxf3
e5 15. Be3 Qxc3 16. O-O Qxc2 17. d6 Rd8 18. Rfc1 Qf5 19. Qxf5 Bxf5 20. Nc4 b6
21. Nxe5 Rxd6 22. Rc7 Be6 23. a4 Nd5 24. Rd1 Nxc7 25. Rxd6 Nd5 26. Bd4 Kf8 27.
Rc6 Nb4 28. Rc1 Rd8 29. Bb2 Na2 30. Rb1 Rc8 31. Kf1 Ke8 32. Nf3 Nc3 33. Ra1 f6
34. Nd4 Bd7 35. a5 b5 36. Ba3 Nd5 37. Rc1 Rxc1+ 38. Bxc1 Kd8 39. Ke2 Kc7 40.
Kd3 Kd6 41. Nb3 Nb4+ 42. Kd4 Nc6+ 43. Ke4 f5+ 44. Kd3 Be6 45. Bf4+ Ke7 46. Bg5+
Kf7 47. Nd4 Bc4+ 48. Kc3 Nxa5 49. Nxb5 Bxb5 50. Kb4 Nc6+ 51. Kxb5 Nd4+ 52. Ka6
Nc2 53. Kxa7 Ne1 54. g3 Nf3 55. Bf4 Nxh2 56. Kb6 Ng4 57. Kc5 Nxf2 58. Kd4 Ng4
59. Kd3 Kf6 60. Ke2 Ne5 61. Bc1 g5 62. Bb2 Ke6 63. Bc1 h6 64. Ba3 Kd5 65. Bf8
Ng4 66. Kf3 Ke6 67. Ba3 Ne5+ 68. Kf2 h5 69. Bf8 g4 70. Bh6 Kf6 71. Bd2 Ng6 72.
Ba5 Ke7 73. Ke3 h4 74. gxh4 Nxh4 75. Kf4 Ke6 76. Bc7 Ng6+ 77. Kg3 Kd5 78. Bb8
Ke4 79. Bc7 Ne5 0-1

[Event "XIV Festival A"]
[Site "Trieste ITA"]
[Date "2012.09.02"]
[Round "3"]
[White "Bergez, Luc"]
[Black "Matijevic, Filip"]
[WhiteElo "2406"]
[BlackElo "2132"]
[Result "1-0"]
[PlyCount "37"]
[EventDate "2012.09.01"]

1. e4 e5 2. Nf3 Nc6 3. Bc4 Nf6 4. d3 Be7 5. Nbd2 O-O 6. Bb3 d6 7. c3 h6 8. Nf1
Nh7 9. Ng3 Ng5 10. Nh4 Ne6 11. Nhf5 Bg5 12. Bxg5 hxg5 13. h4 Nf4 14. Qg4 Ne7
15. hxg5 Neg6 16. Nh5 Be6 17. Nxf4 Nxf4 18. g3 g6 19. gxf4 1-0

[Event "XIV Festival A"]
[Site "Trieste ITA"]
[Date "2012.09.02"]
[Round "3"]
[White "Bernard, Jacques"]
[Black "Plenca, Jadranko"]
[WhiteElo "2224"]
[BlackElo "2049"]
[Result "1-0"]
[PlyCount "57"]
[EventDate "2012.09.01"]

1. e4 e5 2. Nf3 Nc6 3. Bb5 a6 4. Ba4 Nge7 5. c3 g6 6. d4 exd4 7. cxd4 b5 8. Bc2
d5 9. Bg5 Bg7 10. O-O f6 11. exd5 Nxd5 12. Re1+ Nce7 13. Bh4 O-O 14. Nc3 Nxc3
15. bxc3 Bb7 16. Nd2 Nd5 17. Ne4 Nb6 18. Nc5 Bd5 19. Ne6 Bxe6 20. Rxe6 Kh8 21.
Qf3 b4 22. Rae1 a5 23. Qc6 bxc3 24. Qxc3 Nd5 25. Qc5 Nb4 26. Be4 Rb8 27. a3 Qc8
28. d5 Na6 29. Qxa5 1-0

[Event "XIV Festival A"]
[Site "Trieste ITA"]
[Date "2012.09.02"]
[Round "3"]
[White "Boscolo, Federico"]
[Black "Bisi, Samuele"]
[WhiteElo "2330"]
[BlackElo "2050"]
[Result "1-0"]
[PlyCount "53"]
[EventDate "2012.09.01"]

1. e4 e5 2. Nf3 Nf6 3. d4 Nxe4 4. dxe5 d5 5. Nbd2 Nc5 6. Nb3 Bg4 7. Be2 Nc6 8.
Bf4 Ne6 9. Bg3 Qd7 10. O-O O-O-O 11. c3 Be7 12. h3 Bh5 13. Nbd4 Ncxd4 14. Nxd4
Bxe2 15. Qxe2 Bc5 16. Rfd1 Bxd4 17. cxd4 g5 18. Rac1 Rhg8 19. Rc3 Rg6 20. Rdc1
Qa4 21. Rxc7+ Kb8 22. Rxf7 Qxd4 23. Qb5 Qb6 24. Rd7 Rgg8 25. Qxd5 Nd4 26. e6+
Ka8 27. Bc7 1-0

[Event "XIV Festival A"]
[Site "Trieste ITA"]
[Date "2012.09.02"]
[Round "3"]
[White "Castelfranchi, Carlo"]
[Black "Tonel, Giulia"]
[WhiteElo "2073"]
[BlackElo "1975"]
[Result "0-1"]
[PlyCount "54"]
[EventDate "2012.09.01"]

1. e4 d6 2. d4 Nf6 3. Nc3 g6 4. Bc4 Bg7 5. Qe2 Nc6 6. e5 Nxd4 7. exf6 Nxe2 8.
fxg7 Rg8 9. Ngxe2 Rxg7 10. Bh6 Rg8 11. O-O-O c6 12. Rhe1 Qa5 13. Nf4 g5 14. Ne4
Be6 15. Nxe6 fxe6 16. Bxe6 Rg6 17. Nxd6+ exd6 18. Bf5+ Kf7 19. Bxg6+ hxg6 20.
f4 gxf4 21. Bxf4 Qxa2 22. c3 d5 23. Bh6 Re8 24. Rf1+ Kg8 25. Rf2 Qa1+ 26. Kc2
Qa4+ 27. Kc1 Qh4 0-1

[Event "XIV Festival A"]
[Site "Trieste ITA"]
[Date "2012.09.02"]
[Round "3"]
[White "Franca, Veronika"]
[Black "Laco, Giuseppe"]
[WhiteElo "1952"]
[BlackElo "2085"]
[Result "1-0"]
[PlyCount "81"]
[EventDate "2012.09.01"]

1. d4 f5 2. g3 Nf6 3. Bg2 d5 4. Nh3 e6 5. O-O Be7 6. c4 c6 7. b3 O-O 8. Nc3 Qe8
9. Bb2 h6 10. Nf4 Bd6 11. Nd3 Nbd7 12. Qc2 g5 13. f3 Qg6 14. Rfe1 f4 15. e4
dxe4 16. fxe4 Ng4 17. e5 f3 18. Re4 fxg2 19. Rxg4 Bxe5 20. dxe5 Nxe5 21. Re4
Qf5 22. Nf2 Ng4 23. Re2 Qf7 24. Kxg2 e5 25. Nxg4 Bxg4 26. Rf2 Qh5 27. Ba3 Bf3+
28. Kg1 Rf7 29. Raf1 g4 30. Ne4 b6 31. Nd2 c5 32. Nxf3 gxf3 33. Qe4 Raf8 34.
Bb2 Rf5 35. Kh1 Qh3 36. Bxe5 R8f7 37. Rxf3 Qxf1+ 38. Rxf1 Rxf1+ 39. Kg2 R1f2+
40. Kh3 R2f5 41. g4 1-0

[Event "XIV Festival A"]
[Site "Trieste ITA"]
[Date "2012.09.02"]
[Round "3"]
[White "Granaldi, Alessandro"]
[Black "Mocchi, Tullio"]
[WhiteElo "2105"]
[BlackElo "2259"]
[Result "0-1"]
[PlyCount "52"]
[EventDate "2012.09.01"]

1. d4 Nf6 2. Nf3 e6 3. c4 b6 4. g3 Bb7 5. Bg2 Bb4+ 6. Bd2 c5 7. O-O O-O 8. Bg5
cxd4 9. Qxd4 Nc6 10. Qh4 Be7 11. Nc3 Na5 12. e4 h6 13. Rfe1 hxg5 14. Nxg5 Nh5
15. f4 f6 16. Nh3 g6 17. f5 Qe8 18. Bf3 Ng7 19. Qh6 g5 20. Nf4 gxf4 21. gxf4
Nxf5 22. exf5 Bxf3 23. Kf2 Qh5 24. Rg1+ Kf7 25. Rg7+ Ke8 26. Rxe7+ Kxe7 0-1

[Event "XIV Festival A"]
[Site "Trieste ITA"]
[Date "2012.09.02"]
[Round "3"]
[White "Iasman, Inna"]
[Black "Vesce, Emanuele"]
[WhiteElo "2002"]
[BlackElo "1903"]
[Result "1-0"]
[PlyCount "71"]
[EventDate "2012.09.01"]

1. d4 Nf6 2. c4 g6 3. Nc3 d5 4. Bf4 Bg7 5. e3 O-O 6. Nf3 c6 7. Bd3 Bg4 8. h3
Bxf3 9. Qxf3 Qa5 10. Qe2 Nbd7 11. O-O dxc4 12. Bxc4 e5 13. dxe5 Nxe5 14. Bb3
Rfe8 15. Rad1 Nfd7 16. Ne4 Nc5 17. Nxc5 Qxc5 18. Bxe5 Qxe5 19. Rd7 Re7 20. Rfd1
Rae8 21. Qf3 Qf6 22. Qg4 Bf8 23. R1d4 Bh6 24. R7d6 Qe5 25. h4 Kh8 26. Qf3 Rf8
27. h5 Bg7 28. Rd7 Qf6 29. h6 Qxf3 30. hxg7+ Kxg7 31. gxf3 Re5 32. Rxb7 Rg5+
33. Kf1 h5 34. Rxa7 c5 35. Rf4 h4 36. Rxh4 1-0

[Event "XIV Festival A"]
[Site "Trieste ITA"]
[Date "2012.09.02"]
[Round "3"]
[White "Jovic, Stanoje"]
[Black "Ivanovic, Andrej"]
[WhiteElo "2338"]
[BlackElo "2107"]
[Result "1-0"]
[PlyCount "52"]
[EventDate "2012.09.01"]

1. c4 e5 2. Nc3 Nf6 3. Nf3 Nc6 4. e3 Bb4 5. Qc2 Bxc3 6. Qxc3 d6 7. d4 Qe7 8.
dxe5 dxe5 9. a3 a5 10. b3 Bf5 11. Be2 Ne4 12. Qb2 Rd8 13. O-O O-O 14. b4 f6 15.
c5 Kh8 16. Nd2 Nxd2 17. Bxd2 axb4 18. axb4 Qf7 19. b5 Ne7 20. Ra7 Qg6 21. Rc1
Bh3 22. Bf1 Nf5 23. Rc4 Rf7 24. Kh1 e4 25. gxh3 Nh4 26. Qd4 Re8 1-0

[Event "XIV Festival A"]
[Site "Trieste ITA"]
[Date "2012.09.02"]
[Round "3"]
[White "Kragelj, Igor"]
[Black "Suc, Timothy"]
[WhiteElo "2192"]
[BlackElo "2135"]
[Result "1/2-1/2"]
[PlyCount "68"]
[EventDate "2012.09.01"]

1. d4 d5 2. c4 e6 3. Nf3 c5 4. cxd5 exd5 5. Nc3 Nc6 6. g3 Nf6 7. Bg2 Be7 8. O-O
O-O 9. Bg5 c4 10. Ne5 Be6 11. b3 Qa5 12. Qd2 Bb4 13. Nxc6 bxc6 14. Bxf6 gxf6
15. Rfc1 Rac8 16. bxc4 dxc4 17. a3 Bxc3 18. Qxc3 Qxc3 19. Rxc3 Rfd8 20. e3 c5
21. d5 Bxd5 22. Bxd5 Rxd5 23. Rxc4 Rb8 24. Rac1 Rb3 25. Ra4 Rb7 26. Rac4 Rd3
27. Ra4 Rc7 28. Rcc4 Kf8 29. Kf1 Ke7 30. Ke2 Rb3 31. Re4+ Kd6 32. Rf4 Ke7 33.
Rfe4+ Kd7 34. Rf4 Ke7 1/2-1/2

[Event "XIV Festival A"]
[Site "Trieste ITA"]
[Date "2012.09.02"]
[Round "3"]
[White "Litrico, Paolo"]
[Black "Militello, Michele"]
[WhiteElo "1976"]
[BlackElo "1798"]
[Result "1-0"]
[PlyCount "149"]
[EventDate "2012.09.01"]

1. d4 d6 2. Nf3 Nf6 3. Nc3 Nbd7 4. e4 e5 5. g4 h6 6. g5 hxg5 7. Nxg5 exd4 8.
Qxd4 c6 9. f4 b5 10. Be3 Ng4 11. h3 Nxe3 12. Qxe3 Qb6 13. Qd2 Nc5 14. e5 d5 15.
O-O-O Be6 16. Bg2 O-O-O 17. Rhf1 f6 18. Nxe6 Nxe6 19. f5 Bc5 20. Rde1 Ng5 21.
e6 Be7 22. Qd3 Rh4 23. Ne2 Ra4 24. Kb1 Ne4 25. Bxe4 Rxe4 26. Rf4 Re3 27. Qd1
Rxh3 28. Rg4 Rh7 29. Nf4 Qc5 30. Reg1 Qd6 31. Qd2 Kb7 32. Rxg7 Rdh8 33. Rxh7
Rxh7 34. a3 Kb6 35. Qf2+ Ka6 36. Ng6 Rh2 37. Qg3 Rh1 38. Qg2 Rh2 39. Qg3 Rh1
40. Qe1 Rh2 41. Rh1 Rxh1 42. Qxh1 Qc5 43. Qe1 Kb6 44. Qh1 b4 45. axb4 Qxb4 46.
c3 Qc5 47. Qd1 Kc7 48. Qa4 Kb7 49. Qd4 Qd6 50. Qh4 Kb6 51. Qh7 Bd8 52. e7 Bxe7
53. Qxe7 Qxe7 54. Nxe7 Kc7 55. Ng8 Kd6 56. Nxf6 Ke5 57. Nd7+ Kxf5 58. Nb8 c5
59. Nd7 c4 60. Nb8 Ke6 61. Nc6 a6 62. Nd4+ Kd6 63. Kc2 Kc5 64. Kd2 Kd6 65. Ke3
Kd7 66. Kf4 Kd6 67. Kf5 a5 68. Kf6 a4 69. Kf5 Kc5 70. Ke5 a3 71. bxa3 Kb6 72.
Kxd5 Ka5 73. Kxc4 Ka4 74. Ne6 Kxa3 75. Kb5 1-0

[Event "XIV Festival A"]
[Site "Trieste ITA"]
[Date "2012.09.02"]
[Round "3"]
[White "Mazet, Julien"]
[Black "Plenca, Julijan"]
[WhiteElo "2128"]
[BlackElo "2336"]
[Result "1/2-1/2"]
[PlyCount "122"]
[EventDate "2012.09.01"]

1. d4 Nf6 2. Nf3 g6 3. c4 Bg7 4. Nc3 d5 5. cxd5 Nxd5 6. e4 Nxc3 7. bxc3 c5 8.
Be3 O-O 9. Qd2 Qa5 10. Rc1 Rd8 11. d5 e6 12. Be2 exd5 13. exd5 Bg4 14. O-O Nd7
15. c4 Qxd2 16. Bxd2 Re8 17. Rfe1 Nb6 18. h3 Bf5 19. Bc3 Nc8 20. Bxg7 Kxg7 21.
Bd3 Rxe1+ 22. Nxe1 Bd7 23. Nf3 Nd6 24. Re1 Re8 25. Rxe8 Bxe8 26. Kf1 a6 27. Ke2
b5 28. Nd2 f5 29. f4 Kf6 30. Ke3 Bf7 31. Be2 Ke7 32. g3 bxc4 33. Nxc4 Bxd5 34.
Nxd6 Kxd6 35. Bxa6 Bxa2 36. Kd3 Bb1+ 37. Kc3 Be4 38. Bc4 Bd5 39. Bf1 Ke7 40. h4
Kf6 41. Be2 Kg7 42. Bd1 Kf6 43. Be2 h6 44. Bd1 g5 45. hxg5+ hxg5 46. Be2 Kg6
47. Bd1 Kh6 48. Be2 Bf7 49. Bd1 Bd5 50. Be2 Bb7 51. Bd1 Ba6 52. Bc2 Kg6 53. Bd1
Bf1 54. Bf3 Kf6 55. Bd1 c4 56. Kd4 Bd3 57. Bf3 Kg6 58. Bd1 Kh6 59. Bf3 Bf1 60.
Bd1 Kg6 61. Bf3 Bd3 1/2-1/2

[Event "XIV Festival A"]
[Site "Trieste ITA"]
[Date "2012.09.02"]
[Round "3"]
[White "Mazi, Leon"]
[Black "Capaliku, Aleks"]
[WhiteElo "2356"]
[BlackElo "2114"]
[Result "1-0"]
[PlyCount "55"]
[EventDate "2012.09.01"]

1. e4 e5 2. Nf3 Nc6 3. Bb5 Nf6 4. d3 d6 5. c3 Bd7 6. Nbd2 g6 7. O-O Bg7 8. a4
O-O 9. a5 Nh5 10. Re1 Nf4 11. Nf1 a6 12. Bc4 Be6 13. Ba2 Bg4 14. h3 Bd7 15. Bb3
g5 16. N3h2 Qf6 17. Ng3 Qg6 18. Ng4 h5 19. Ne3 Ne7 20. Bc2 g4 21. hxg4 hxg4 22.
d4 Nh5 23. Ngf5 Rae8 24. dxe5 Bxe5 25. Nxg4 Nxf5 26. exf5 Qh7 27. f6 Bh2+ 28.
Kxh2 1-0

[Event "XIV Festival A"]
[Site "Trieste ITA"]
[Date "2012.09.02"]
[Round "3"]
[White "Pregarac, Valter"]
[Black "Erdos, Viktor"]
[WhiteElo "2181"]
[BlackElo "2643"]
[Result "0-1"]
[PlyCount "54"]
[EventDate "2012.09.01"]

1. d4 Nf6 2. c4 g6 3. Nc3 d5 4. Bg5 Ne4 5. Bf4 Nxc3 6. bxc3 dxc4 7. e3 Nd7 8.
Bxc4 Bg7 9. Nf3 Nb6 10. Bb3 Nd5 11. Be5 Bxe5 12. Nxe5 f6 13. Qf3 c6 14. e4 fxe5
15. exd5 Rf8 16. Qe4 exd4 17. dxc6 Bf5 18. Qe5 bxc6 19. cxd4 Qd6 20. Qe3 Qb4+
21. Qd2 Rb8 22. Rc1 Rf6 23. Rc3 Rd8 24. O-O Qxd4 25. Qc1 Bd3 26. Rd1 Qxf2+ 27.
Kh1 Be4 0-1